Куди йдеш Україно? (Запис № 570279)
[ простий вигляд ]
| 000 -Лідер | |
|---|---|
| fixed length control field | 01925 a2200241 4500 |
| 003 - Ідентифікатор контрольного номера | |
| control field | UA-OsUOA |
| 005 - Дата та час останнього входження (трансакції) | |
| control field | 20210303103414.0 |
| 008 - Елементи даних фіксованої довжини – загальна інформація | |
| fixed length control field | 210223b un ||||| |||| 00| 0 ukr d |
| 020 ## - Міжнародний стандартний книжковий номер (ISBN) | |
| Міжнародний стандартний книжковий номер (ISBN) (НП) | 9789665795742 |
| 040 ## - Джерело каталогізації | |
| Агенція оригінальної каталогізації | UA-OsUOA |
| Мова каталогізації | ukr |
| Агенція, яка здійснювала перезапис | UA-OsUOA |
| Агенція, яка здійснювала модифікацію | UA-OsUOA |
| 041 ## - Код мови | |
| Код мови тексту/ звукової доріжки чи окремого заголовка (П) | ukr |
| 080 ## - Індекс Універсальної десяткової класифікації | |
| Індекс Універсальної десяткової класифікації (УДК) (НП) | 82.09(477) |
| 090 ## - Локальний шифр розміщення | |
| Класифікаційний індекс УДК | 82.09(477) |
| Авторський знак (НП) | Г83 |
| 100 ## - Основне введення – ім’я особи | |
| Ім’я особи (НП) | Григорчук М. |
| 245 ## - Відомості про назву | |
| Назва (НП) | Куди йдеш Україно? |
| Решта назви (НП) | відгуки, огляди, рецензії |
| Дані про відповідальність (НП) | Микола Григорчук |
| 260 ## - Публікація, розповсюдження і т.п. (Вихідні дані) | |
| Місце публікації, розповсюдження і т.п. (П) | Київ |
| Ім’я/ наймення видавництва, розповсюджувача і т.п. (П) | Український письменник |
| Дата публікації, розповсюдження і т.п. (П) | 2020 |
| 300 ## - Фізичний опис | |
| Обсяг | 280 с. |
| 520 ## - Резюме і т.п. | |
| Резюме, реферат, анотація, тощо (НП) | Цю книжку складають літературні відгуки, огляди та рецензії на актуальні твори письменників сучасності Марії Матіос, Віри Вовк, Романа Іваничука, Дмитра Павличка, Юрія Щербака, Богдана Гориня, Михайла Слабошпицького, Івана Корсака, Григорія Гусейнова, Василя Рубана, Ярослава Мельника, Софії Андрухович. Герої творів цих авторів діють за певних історичних обставин, що дозволить читачеві не тільки зануритись у минуле, а й проаналізувати сучасне та заглянути в майбутнє. Збірка містить чимало фактичного матеріалу, корисного для аналізу буття нашого народу та його історичної долі. |
| 650 ## - Додаткове предметне введення – тематичний термін | |
| Джерело заголовка чи терміна | UDC |
| Тематичний термін чи географічна назва, як елемент введення (НП) | 82 Література. Літературознавство |
| 942 ## - Додаткові елементи входу (Коха) | |
| Тип елемента Koha | Книги |
| Source of classification or shelving scheme | Universal Decimal Classification |
| 955 ## - Код типу видання за змістом | |
| Код типу видання за змістом (НП) | Наукові видання |
| Стан вилучень | Стан втрат | Джерело класифікації або схеми стелажів | Стан уражень | Не для кредиту | Постійне місце розташування | Поточне розміщення | Дата придбання | Джерело придбання | Вартість, звичайна ціна покупки | Повний номер виклику | Штрих-код | Дата останнього перегляду | Вартість, ціна заміни | Ціна ефективна від | Тип елемента Koha | Примітка, призначена для загального доступу |
|---|---|---|---|---|---|---|---|---|---|---|---|---|---|---|---|---|
| Universal Decimal Classification | АБ - Абонемент НБ | АБ - Абонемент НБ | 23/02/2021 | №5/12.02.2021 | 35.00 | 82.09(477) Г83 | 163309 | 18/10/2021 | 35.00 | 23/02/2021 | Книги | Подарував Григорчук М. | ||||
| Universal Decimal Classification | АБ - Абонемент НБ | АБ - Абонемент НБ | 23/02/2021 | №5/12.02.2021 | 35.00 | 82.09(477) Г83 | 163310 | 10/02/2022 | 35.00 | 23/02/2021 | Книги | Подарував Григорчук М. |